| 000 | 00352nam a22001217a 4500 | ||
|---|---|---|---|
| 999 |
_c10084 _d10084 |
||
| 003 | OSt | ||
| 008 | 201218b ||||| |||| 00| 0 eng d | ||
| 245 | _aJournal of Information and Optimization Sciences | ||
| 250 | _a2018(Jan Vol.39 No.1, Mar Vol.39 No.2) | ||
| 260 |
_aNew Delhi _bTaru Publications |
||
| 650 | _aInformation Technology | ||
| 942 |
_2ddc _cBV |
||